| 000 | 00929nam a2200277Ia 4500 | ||
|---|---|---|---|
| 003 | OSt | ||
| 005 | 20221005104523.0 | ||
| 006 | a|||||r|||| 00| 0 | ||
| 007 | ta | ||
| 008 | 221004b |||||||| |||| 00| 0 hin d | ||
| 020 |
_a818572606X (hbk) _c150 |
||
| 024 | _a99472 | ||
| 037 |
_b354, 02/03/2010, Swaraj Prakashan _cTextual |
||
| 040 |
_aCRL _cCRL _bhin |
||
| 041 |
_2hin _ahin |
||
| 082 | _aO152,3NNA,UG, L0;P9 | ||
| 100 | _aनागार्जुन | ||
| 245 | 0 | _aउग्रतारा | |
| 246 | _aUgratārā | ||
| 250 | _aचौथा संस्करण | ||
| 260 |
_aदिल्ली _bयात्री प्रकाशन भारत _c2009 |
||
| 300 |
_a104पृ0 _ccm. |
||
| 650 | _aहिन्दी साहित्य | ||
| 942 |
_hO152,3NNA,UG, L0;P9 _cTEXL _2cc |
||
| 999 |
_c1012964 _d1012964 |
||